| 000 | 00512nam a22001817a 4500 | ||
|---|---|---|---|
| 003 | MPLRDC | ||
| 005 | 20220104144445.0 | ||
| 008 | 210129b ||||| |||| 00| 0 eng d | ||
| 082 | _a524.9252 DZ 1986 c.2 | ||
| 100 | _a马来西亚全国华文独立中工委会课程编纂 | ||
| 245 |
_a东南亚 _c |
||
| 250 | _a五版 | ||
| 260 |
_a _b马来西亚华校董事联合会总会 _c1986 |
||
| 300 | _b平 | ||
| 490 | _a高中地理 | ||
| 650 | _a中等教育--高中地理 | ||
| 942 |
_cBK _o524.9252 DZ 1986 c.2 |
||
| 999 |
_c49800 _d49790 |
||